Body image and the image of the brain.

Bibliographic Details
Main Author: Gorman, Warren
Format: Book
Language:English
Published: St. Louis : W.H. Green, [1969]
Subjects:

MARC

Tag First Indicator Second Indicator Subfields
LEADER 00000cam a2200000 4500
001 in00000019723
005 20151007053715.0
008 690506s1969 moua b 00100 eng
010 |a  68008293  
035 |a (OCoLC)00000560 
035 |9 AAB2548AM 
040 |a DLC  |c DLC  |d IAV  |d OCL  |d TXA  |d UtOrBLW 
049 |a TXAM  |c [635382] 
050 0 0 |a BF697  |b .G6 
082 0 |a 155.28/4 
100 1 |a Gorman, Warren. 
245 1 0 |a Body image and the image of the brain. 
264 1 |a St. Louis :  |b W.H. Green,  |c [1969] 
300 |a xiii, 284 pages :  |b illustrations ;  |c 24 cm. 
336 |a text  |b txt  |2 rdacontent 
337 |a unmediated  |b n  |2 rdamedia 
338 |a volume  |b nc  |2 rdacarrier 
504 |a Bibliography: pages 253-269. 
650 0 |a Body image. 
650 0 |a Brain. 
999 |a MARS 
999 f f |s 7010c11b-fb59-39a7-a7be-175ce84e84f7  |i ada8f393-c4ca-370d-a85a-63fc181cfd4c  |t 0 
952 f f |p ric  |a Texas A&M University  |b Rellis Campus  |c Joint Library Facility  |d Remote Storage  |t 0  |e BF697 .G6  |h Library of Congress classification  |i unmediated -- volume  |m A14801693463 
998 f f |a BF697 .G6  |t 0  |l Remote Storage